000 01051nam a2200301 i 4500
001 bg
100 1 _aKOPTA, Antonina.
245 1 0 _aTechnologia gastronomiczna z towaroznawstwem.
_nCz. 1 /
_cAntonina Kopta, Barbara Łuszczki.
250 _aWyd. 5.
260 _aWarszawa :
_bWydawnictwa Szkolne i Pedagogiczne,
_c1999.
300 _a375, [1] s. :
_bfot., rys. ;
_c21 cm.
504 _aBibliogr. s. 375-376.
521 _aDla uczniów kl. 1 szkoły zasadniczej, zawód - kucharz.
650 9 _aKucharstwo
_xtechnologia
650 9 _aŻywność
_xtowaroznawstwo
655 _aPodręczniki dla szkół zawodowych
700 1 _aŁUSZCZKI, Barbara
020 _a8302053147 (cz. 1)
020 _a8302033405 (całość)
040 _cBPK
041 0 _apol
080 _a664.017+641.5](075.3)
920 _a83-02-05314-7 (cz. 1)
920 _a83-02-03340-5 (całość)
942 _cKS
008 s pl f |000 0 pol
999 _c45857
_d45857
856 _uhttp://koha.tu.koszalin.pl/cgi-bin/koha/opac-detail.pl?biblionumber=45857
_yKatalog online BPK